Normal view MARC view

Entry Personal Name

Number of records used in: 1

001 - CONTROL NUMBER

  • control field: 1049863

003 - CONTROL NUMBER IDENTIFIER

  • control field: OSt

005 - DATE AND TIME OF LATEST TRANSACTION

  • control field: 20260121165305.0

008 - FIXED-LENGTH DATA ELEMENTS

  • fixed length control field: 260121|| aca||aabn | a|a d

040 ## - CATALOGING SOURCE

  • Original cataloging agency: OSt
  • Transcribing agency: OSt

100 ## - HEADING--PERSONAL NAME

  • Personal name: Martha A. Gephart, Victoria J. Marsick

670 ## - SOURCE DATA FOUND

  • Source citation: Work cat.: (OSt)1615588: Martha A. Gephart, Victoria J. Marsick, Strategic Organizational Learning
Copyright @ Delhi University Library System